000
00300nam a22001337a 4500
082
_a
894.812.3
_b
BAI/P
100
_a
BAIJU, M.A
245
_a
PUTHIYA PUTHIYA PULARIKALUM ERUL MARANJA AKASAVUM
260
_a
PEN BOOKS
_b
ALUVA
_c
2003
300
_a
96
520
_a
NOVEL
650
_a
NOVEL
942
_c
BK
999
_c
4800
_d
4800